Từ điển Việt - Hàn

Na minha lista:
Detalhes bibliográficos
Autor principal: Lê, Huy Khoa
Formato: Livro
Idioma:Undetermined
Publicado em: Thành phố Hồ Chí Minh Tổng hợp thành phố Hồ Chí Minh 2012
Assuntos:
Tags: Adicionar Tag
Sem tags, seja o primeiro a adicionar uma tag!
Thư viện lưu trữ: Trung tâm Học liệu Trường Đại học Cần Thơ
LEADER 00657nam a2200205Ia 4500
001 CTU_185957
008 210402s9999 xx 000 0 und d
020 |c 45000 
082 |a 495.92237 
082 |b Kh401 
100 |a Lê, Huy Khoa 
245 0 |a Từ điển Việt - Hàn 
245 0 |c Lê Huy Khoa, Lê Hữu Nhân 
260 |a Thành phố Hồ Chí Minh 
260 |b Tổng hợp thành phố Hồ Chí Minh 
260 |c 2012 
650 |a Vietnamese language,Tiếng Việt 
650 |x Korean,Tiếng Hàn 
910 |a Ngô Hồng Xuân 
980 |a Trung tâm Học liệu Trường Đại học Cần Thơ